Statistics for Every Madden NFL Cover

Click here to take the quiz!

General Stats

  • This quiz has been taken 21 times
  • The average score is 16 of 27

Answer Stats

Year Answer % Correct
'18Tom Brady
100%
'20Patrick Mahomes II
94%
'09Brett Favre
83%
25 ('14)Barry Sanders and Adrian Peterson
83%
'19Antonio Brown
78%
'11Drew Brees
78%
'13Calvin Johnson
72%
'10Larry Fitzgerald and Troy Polamalu
67%
'05Ray Lewis
61%
'12Peyton Hillis
56%
'16Odell Beckham Jr.
56%
'17Rob Gronkowski
56%
'07Shaun Alexander
56%
'00John Madden
56%
'15Richard Sherman
50%
'06Donovan McNabb
50%
'03Marshall Faulk
50%
'04Michael Vick
44%
'02Daunte Culpepper
44%
'08Vince Young
39%
'01Eddie George
33%

Score Distribution

Percentile by Number Answered

Percent of People with Each Score

Your Score History

You have not taken this quiz